LEADER 01417nam a2200289 4500 001 000000330792 003 CaOOAMICUS 005 20181107101545.0 008 181019s2007 it aaaa 000 u ita r 020 $a978-88-902849-1-5 040 $aSeMil$bita 100 1 $aCattaneo, Fabio.$0(OLS)http://semarc/name/108334 245 10$a990.000 passi seguendo orme profonde mille anni :$bda Roncisvalle a Santiago de Compostela in 18 giorni /$cFabio Cattaneo. 246 0 $aNovecentonovantamila passi 264 1$aInveruno ; Magenta :$bLa memoria del mondo,$c2007. 300 $a212 p. :$bill ;$c20 cm +$e1 c. ripieg 490 1 $aI libri della conchiglia 650 4$aSantiago di Compostela - Pellegrinaggi.$0(OLS)http://semarc/subject/16419 830 2$aI libri della conchiglia.$0(OLS)http://semarc/title/419304 850 $aSeMil 852 $aSeMil$W1$xVenegono$y1$m4Y II 75$j211534$B223460$CSeMilBibl$Z2$F223460 $81 961 $aLascito don Giuseppe Prina 996 $6020$a978-88-902849-1-5$9(OLS)http://semarc/number/285415 996 $6245$a990.000 passi seguendo orme profonde mille anni :$bda Roncisvalle a Santiago de Compostela in 18 giorni$9(OLS)http://semarc/title/419305 996 $6246$aNovecentonovantamila passi$9(OLS)http://semarc/title/419742 996 $6264$aInveruno ; Magenta :$bLa memoria del mondo$9(OLS)http://semarc/publisher/57923 LEADER 01145nam a2200265 i 4500 001 000000041754 003 CaOOAMICUS 005 20060906000000.0 008 060906s1992 it u000 u ita u 013 $a12924 020 $a88-10-30215-X 040 $aSeMil$bita 100 1 $aD'Alario, Vittoria.$0(OLS)http://semarc/name/20595 245 13$aIl libro del Qohelet :$bstruttura letteraria e retorica /$cVittoria D'Alario. 260 $aBologna :$bEDB,$c1992. 300 $a260 p. ;$c24 cm. 490 0 $aSupplementi alla Rivista Biblica ;$v27 650 4$aBibbia. Antico Testamento. Qohelet - Commentari, studi, critica, interpretazioni.$0(OLS)http://semarc/subject/6967 830 0$aSupplementi alla Rivista Biblica ;$v27.$0(OLS)http://semarc/title/12 850 $aSeMil 852 $aSeMil$W1$xVenegono$y1$m2XA K 27$j7909$B7909$CSeMilBibl$Z2$F7909 $81 961 $aOmaggio: Scuola Cattolica 996 $6020$a88-10-30215-X$9(OLS)http://semarc/number/12718 996 $6245$aIl libro del Qohelet :$bstruttura letteraria e retorica$9(OLS)http://semarc/title/60603 996 $6260$aBologna :$bEDB$9(OLS)http://semarc/publisher/29669